| 000 | 01602nam a22002177a 4500 | ||
|---|---|---|---|
| 003 | AR-RoUNCS | ||
| 005 | 20250930155937.0 | ||
| 008 | 250930t2006 ag |||||r|||| 00| 0 spa d | ||
| 020 | _a84-413-2186-8 | ||
| 040 |
_aAR-RoUNCS _cAR-RoUNCS |
||
| 080 | _0321.01 | ||
| 100 | 1 |
_aMaquiavelo, Nicolás, _d1469-1527 _eautor |
|
| 245 | 1 | 0 |
_aEl príncipe / _bNicolás Maquiavelo. |
| 260 |
_aBarcelona : _bFolio, _c2006. |
||
| 300 |
_a121 p. ; _c19 cm. |
||
| 490 | 0 | _aGrandes Ideas | |
| 520 | 3 | _a Obra ensalzada y demonizada con parejo entusiasmo, escrita en el exilio en 1513, publicada póstumamente en 1531 y traducida por primera vez al español recién en 1821. El príncipe, de Nicolás Maquiavelo, expone con notable claridad los grandes temas de la teoría política: ¿cómo llegar al poder y de qué manera mantenerse en él? ¿cuáles son los orígenes y la estructura del poder? ¿es la política un deber o una ciencia? Temas que son abordados de manera tan sencilla y a la vez tan sugerente y llena de implicancias que a lo largo de varios siglos ha fascinado a estudiosos y gobernantes, entre ellos, a Napoleón Bonaparte, cuyos comentarios al texto se incorporan en esta edición. Nacido en Florencia en 1469, Niccolò di Bernardo del Machiavelli fue funcionario, diplomático, labriego, leñador y cuanto oficio le fuese necesario ejercer para sobrevivir, pero, esencialmente, filósofo, político y editor. Autor prolífico y de gran versatilidad, murió en 1527 ignorado y olvidado por sus contemporáneos. | |
| 650 | 4 | _aFILOSOFÍA POLÍTICA | |
| 650 | 4 |
_aESTADO _vTEORÍA |
|
| 942 |
_2udc _cOG _n0 |
||
| 999 |
_c632 _d632 |
||